Diccionario de términos de marketing (Registro nro. 57)

Detalles MARC
000 -LEADER
fixed length control field 00699 a2200205 4500
001 - CONTROL NUMBER
control field 79
005 - DATE AND TIME OF LATEST TRANSACTION
control field 20260407155407.0
008 - FIXED-LENGTH DATA ELEMENTS--GENERAL INFORMATION
fixed length control field 260407a2000 arg spa d
003 - CONTROL NUMBER IDENTIFIER
control field AR-UNSa-BCEJYS
040 ## - CATALOGING SOURCE
Original cataloging agency AR-UNSa-BCEJYS
Language of cataloging spa
Transcribing agency AR-UNSa-BCEJYS
080 ## - UNIVERSAL DECIMAL CLASSIFICATION NUMBER
Universal Decimal Classification number (038)658.8
Common auxiliary subdivision Diccionario de Marketing
020 ## - INTERNATIONAL STANDARD BOOK NUMBER
International Standard Book Number 987-9169-41-7
100 1# - MAIN ENTRY--PERSONAL NAME
Personal name American Marketing Association
245 10 - TITLE STATEMENT
Title Diccionario de términos de marketing
264 #1 - PRODUCTION, PUBLICATION, DISTRIBUTION, MANUFACTURE, AND COPYRIGHT NOTICE
Place of production, publication, distribution, manufacture Buenos Aires :
Name of producer, publisher, distributor, manufacturer Coyuntura
Date of production, publication, distribution, manufacture, or copyright notice 2000
300 ## - PHYSICAL DESCRIPTION
Extent 284 p.
Dimensions 22 cm.
590 ## - LOCAL NOTE (RLIN)
Local note niveau_biblio:m niveau_hierar:0
856 41 - ELECTRONIC LOCATION AND ACCESS
Uniform Resource Identifier <a href="https://biblioeco.unsa.edu.ar/pmb/images/libros/Diccionario de Terminos de Marketing-l117370.jpg">https://biblioeco.unsa.edu.ar/pmb/images/libros/Diccionario de Terminos de Marketing-l117370.jpg</a>
Link text Imagen de portada
Electronic format type image/jpeg
942 ## - ADDED ENTRY ELEMENTS (KOHA)
Koha item type
Existencias
Withdrawn status Lost status Damaged status Not for loan Home library Current library Shelving location Date acquired Total checkouts Full call number Barcode Date last seen Price effective from Koha item type
        Biblioteca Prof. Eusebio Cleto del Rey Biblioteca Prof. Eusebio Cleto del Rey   07/04/2026   R(038).658.8 A512 L117370 07/04/2026 07/04/2026 Libro